| 000 | 00731nam a22002417a 4500 | ||
|---|---|---|---|
| 008 | 130918b xxu||||| |||| 00| 0 eng d | ||
| 020 | _a81-7029-107-0 | ||
| 024 | _cAvailable | ||
| 037 | _cAvailable | ||
| 040 |
_aMBSTU LIBRARY _dMBSTU LIBRARY |
||
| 082 |
_222 _a005.362 PRA |
||
| 100 | _aPrata, Shephen. | ||
| 245 | _aAdvanced UNIX : a programmer's guide. | ||
| 260 |
_aNew Delhi _bBPB Publications. _c1986 |
||
| 300 |
_a24 cm. _b484 page _f1 _g24 cm. |
||
| 600 | _2Programming languages. | ||
| 650 | _2Programming languages. | ||
| 700 | _aPrata, Shephen. | ||
| 270 |
_aNew Delhi _bNew Delhi _dIndia |
||
| 365 |
_b216.00 _d216.00 |
||
| 942 |
_2ddc _cBK |
||
| 999 |
_c689 _d689 |
||